000 02014nam a22005177a 4500
001 4506233
003 OSt
005 20210422055654.0
008 980415s1998 cau b 001 0 eng c
010 _a 98018743
020 _a0787943894 (hc : alk. paper)
040 _aDNLM/DLC
_cDLC
_deng
_beng
041 _aeng
050 0 0 _aRA427.25
_b.A56 1998
060 1 0 _aWA 540 AA1 A65t 1998
080 _a614
_bA-60
082 0 0 _a362.1/068
_221
100 1 _aAnnison, Michael H.
245 1 0 _aTrust matters :
_bnew directions in health care leadership /
_c/ by: Jossey-Bass Publishers
250 _a1st edition
260 _aSan Francisco :
_bJossey-Bass Publishers
_cc1998.
300 _axviii, 142 p. ;
_c24 cm.
504 _aIncludes bibliographical references (p. 127-133) and index.
650 0 _aMedical ethics.
650 0 _aPublic Health
_9337
650 0 _aHealth services administration
_xMoral and ethical aspects.
650 0 _aTrust.
650 0 _aPhysicians
_xProfessional ethics.
650 0 _aInterprofessional relations.
650 0 _aLeadership.
650 1 2 _aHealth Services Administration
_zUnited States.
650 2 2 _aCooperative Behavior.
650 2 2 _aLeadership.
650 2 2 _aInterprofessional Relations.
653 _aსაზოგადოებრივი ჯანდაცვა
653 _aჯანდაცვის სერვისები
653 _aპროფესიული ეთიკა
700 1 _aWilford, Dan S.
856 4 2 _3Publisher description
_uhttp://www.loc.gov/catdir/description/wiley035/98018743.html
856 4 _3Table of Contents
_uhttp://www.loc.gov/catdir/toc/onix07/98018743.html
856 4 2 _3Contributor biographical information
_uhttp://www.loc.gov/catdir/enhancements/fy0706/98018743-b.html
906 _a7
_bcbc
_corignew
_d1
_eocip
_f19
_gy-gencatlg
942 _2udc
_cBK
_e1
999 _c800
_d800